Statistics for 🍓 Top 20 Strawberry producing countries

Click here to take the quiz!

General Stats

  • This quiz has been taken 276 times
  • The average score is 15 of 20

Answer Stats

AnswerTonnes% Correct
China3,212,814
98%
United States1,021,490
98%
Italy125,130
92%
Spain351,960
92%
United Kingdom141,594
92%
Mexico861,337
90%
Brazil165,440
88%
Germany143,980
88%
Russia208,800
86%
Turkey486,705
81%
Poland185,400
77%
Japan158,443
74%
Australia68,534
73%
Ukraine62,620
72%
Greece74,430
69%
Egypt460,245
63%
Netherlands75,590
56%
South Korea192,971
56%
Morocco167,827
44%
Belarus81,887
35%

Score Distribution

Percentile by Number Answered

Percent of People with Each Score

Your Score History

You have not taken this quiz